Music Quiz

Random Music or Album Quiz

25 Famous Debut Albums Quiz Stats

 Plays Quiz Updated Jul 31, 2014

Support Sporcle.
Go Orange.
Score 0/25 Timer 05:00
5 Plays Today
% Correct
The Beach Boys
86%
The Who
78.6%
Bruce Springsteen
68.2%
AC|DC
67.9%
Justin Timberlake
66.6%
Beyoncé
64.6%
Lady Gaga
62.7%
Coldplay
62.5%
Dr. Dre
60.7%
Kanye West
58.2%
Nirvana
57.5%
Linkin Park
52.2%
Gwen Stefani
51%
% Correct
OutKast
49.9%
Cyndi Lauper
49%
Megadeth
48.1%
Nine Inch Nails
43.8%
U2
41.6%
Phil Collins
41.3%
Heart
40.9%
Elvis Costello
39.5%
R.E.M.
37.3%
Sum 41
35.8%
The Police
35.6%
The Smashing Pumpkins
34.3%

From the Vault

'T' Cities by Picture

by william2

Hopefully you can find Mr. T in one of them.
Remove Ads.
Support Sporcle.
Get the best of Sporcle when you Go Orange. This ad-free experience offers more features, more stats, and more fun while also helping to support Sporcle. Thank you for becoming a member.

Show Comments

Extras

Top Quizzes Today


Score Distribution

Your Account Isn't Verified!

In order to create a playlist on Sporcle, you need to verify the email address you used during registration. Go to your Sporcle Settings to finish the process.

Report this User

Report this user for behavior that violates our Community Guidelines.

Details: